Loading...

Mahacharithamala 8.Sreeramakrishna Paramahamsan, Swami Vivekanandan /

Bibliographic Details
Main Author: Vijayanadhan M. R.
Format: Printed Book
Language:Malayalam
Published: Kottayam : Kairali Childrens Book Trust , 1981.
LEADER 00473nam a2200121Ia 4500
008 150624b xxu||||| |||| 00| | mal d
100 |a Vijayanadhan M. R. 
245 |c Vijayanadhan M. R.  |a Mahacharithamala 8.Sreeramakrishna Paramahamsan, Swami Vivekanandan / 
260 |a Kottayam :  |b Kairali Childrens Book Trust ,  |c 1981. 
546 |a In Malayalam. 
942 |c BK 
999 |c 77191  |d 77191 
952 |0 0  |1 0  |4 0  |7 0  |9 77135  |a UL  |b UL  |c ST2  |d 1998-09-15  |l 1  |p 47492  |r 2013-07-02  |s 2013-06-25  |w 2012-10-27  |y BK